Quizzes
Events
Quiz Creation
Community
Videos
Private Events
Remove Ads
Sign In
Join for FREE
Feedback
Dark Mode
Quiz Categories
Sports
Geography
Music
Movies
Television
Just For Fun
Miscellaneous
History
Literature
Language
Science
Gaming
Entertainment
Religion
Holiday
For Kids
Quiz Lab
Recent
Popular Today
Quiz Kudos Today
Editor Picks
Curator Picks
Quizzes by...
Day
Popularity
Type
Ratings
Length
Year
Community
Subscriptions
Recent Discussions
Orange Saloon
Badges
Playlists
Quests
Create
Leaderboards
Showdown
Live 5
Trivia Bingo
Activity
Puzzle Library
Sporcle Events
Private Events
Virtual Trivia
Globe League
Become a Host
Pub Owners
SporcleCon
Opinionation
Our Games
Videos
Blog
Mobile Apps
Partnerships
Remove Ads and Go Orange
Feedback
Language
Vocabulary
Begins and Ends
Definition
Spanish
French
German
Italian
Chinese
Latin
Translation
Japanese
Language
Vocabulary
Begins and Ends
Definition
Spanish
French
German
Italian
Chinese
Latin
Translation
Japanese
Random Quiz
Search Sporcle
×
Quiz Lab
Quiz Lab
Language
Spanish
Type in answers that appear in a list
Type in answers that appear in a list
Classic
Best Score? Go Orange.
Spanish Words Colonial Times Stats
Can you name the Spanish Words Colonial Times ?
By
Zm0770a
15m
32 Questions
23 Plays
23 Plays
23 Plays
Comments
Comments
Give Quiz Kudos
Give Quiz Kudos
-
- Ratings
hide this ad
Replay
Link that replays current quiz
Next Quiz
Link to next quiz in quiz playlist
You Got
0%
They Got
Avg Score
61%
Avg Friend Score
Upgrade to see
Score Distribution
Jump to the score distribution portion of the page
Score
0/32
Timer
15:00
0
Plays Today
ENGLISH
% Correct
governor
el gobernador
95.7%
slave
el esclavo
87%
castle
el castillo
87%
slavery
la esclavitud
82.6%
cathedral
la catedral
78.3%
fort
el fuerte
78.3%
stair
la escalera
78.3%
palace
el palacio
78.3%
convent
el convento
78.3%
Creole
el criollo
73.9%
floor/
story
el piso
73.9%
tower
la torre
73.9%
in fact
de hecho
73.9%
facade
la fachada
69.6%
altar
el altar
69.6%
post office
la oficina de correos
65.2%
ENGLISH
% Correct
column
la columna
65.2%
settler
el colono
60.9%
that is
o sea
60.9%
mayor
el alcalde la alcaldesa
56.5%
therefore
por (lo) tanto
56.5%
sculpture
escultura
52.2%
mixing of race/
culture
el mestizaje
47.8%
town hall
el ayuntamiento
47.8%
Cocoa/
sugar-
cane plantation
la plantación de cacao caña de azúcar
43.5%
vault
la bóveda
43.5%
gold/
silver mine
la mina de oro plata
39.1%
dome
la cúpula
39.1%
con exceso de ornamentación
recargado
34.8%
Renaissance
el Renacimiento
30.4%
bell tower
el campanario
26.1%
Renaissance (adj)
renacentista
17.4%
Quiz Playlist
Details
Report
Send in Message
Add To Playlist
Classic:
Type in answers that appear in a list
Last Updated: Feb 16, 2017
Quiz Scoreboard
CHALLENGE
Sign Up to Join the Scoreboard
Show All
Scores
Hide
Comments
May contain spoilers
Recently Published
Click the 1999 NBA Draft
by nibperrychub
Sports
2m
Alphabetical 'K' Countries by Flag Minefield
by ylime102
Geography
3m
Pick 6: Fruits
by JohnFran
Miscellaneous
15s
More to Explore
Quiz From the Vault
Featured Blog Post
15 Basketball Trivia Facts You Can Be March Mad About
hide this ad
You Might Also Like...
Tags
Spanish Quiz
colonial
Today's Top Quizzes in Language
Browse Language
hide this ad
Today's Top Quizzes in Spanish
Browse Spanish
Top Contributed Quizzes in Language
1
Spring or Fall
2
Spanish Seasons
3
Multilingual Seasons
4
Name the 4 Seasons in English
5
Seasonal Rhymes
6
Spring or Fall?
7
Guess the Word in 3 Words
8
Quick Pick: Seasons in Esperanto
9
Hiragana Speed Reading
10
Chinese Mandarin Numbers 1-10 Characters
Explore More
Trending Topics
Marvel
Disney
Anime
Crossword
Harry Potter
Kpop
NBA
The Office
NFL
Soccer
WWE
Pokémon
Country
Puzzle
Song
hide this ad
More By:
Zm0770a
Quiz
Plays
Rating
Category
Featured
Created
Palabras indefinidas negativas, y positivas
83
Language
Apr 27, 2011
Spanish History Words
56
2.50
Language
Apr 21, 2011
Adverbial Conjunctions
50
Language
Apr 27, 2011
Spanish Words Colonial Times
23
Language
Apr 14, 2011
Spanish Oral Exam Vocabulary
20
1.00
Language
Apr 21, 2011
Go to Creator's Profile
Score Distribution
Quiz Creator Spotlight
Zm0770a
Follow
Send a Message
Quizzes Created
-
Created Quiz Play Count
-
More By This Creator
Popular Quizzes Today
1
Find the US States - No Outlines Minefield
2
Countries of Asia Without Outlines Minefield
3
Pick 6: Fruits
4
Alphabetical 'K' Countries by Flag Minefield
5
The Countries of the World
6
Find the US States
7
Match the Book to the Film X
8
Click the 1999 NBA Draft
More Language Quizzes
German Household Tools
Curator's Pick
Trending Quizzes
Pick 6: Harry Potter
Pick 6: Mountains
Pick 6: NFL Teams
Pick 6: Movie Franchises
Pick 6: Golfers
Recently Updated
Women's Final Four Teams by Year
bhenderson79
Presidents Quartet II
eogle
Anything But Clue(do)
eogle
Anything But Oceanian Capitals
eogle
Anything But 7
eogle
Anything But Thing
eogle
Word Ladder: February 29
pecheneg
Song Title Questions
pecheneg
Women's NCAA Tournament #1 Seeds
pecheneg
Celebrity Mug Shots
pecheneg
Trending Topics
Kpop
Anime
Harry Potter
Marvel
Disney
NBA
Crossword
Soccer
Song
WWE
Puzzle
NFL
The Office
Country
Pokémon
Your Account Isn't Verified!
In order to create a playlist on Sporcle, you need to verify the email address you used during registration. Go to your
Sporcle Settings
to finish the process.
Report this User
Report this user for behavior that violates our
Community Guidelines
.
Details:
Send Report
Go to the Sporcle.com Mobile Site →
Comments